[Event "AUTO-OPEN-4328"]
[Site "http://www.queenalice.com/game.php?id=1776640"]
[Date "2021.12.9"]
[Round "1"]
[White "raulzito"]
[Black "Deo"]
[Result "0-1"]
[WhiteElo "1618"]
[BlackElo "2236"]

1. e4 e5 2. Nf3 Nf6 3. Nxe5 d6 4. Nf3 Nxe4 5. d4 d5 6. Bd3 Nc6 7. O-O Bg4 8. Re1
Be7 9. c4 Nf6 10. Nc3 O-O 11. Be3 Nb4 12. cxd5 Nxd3 13. Qxd3 Bxf3 14. gxf3 Nxd5
15. Nxd5 Qxd5 16. Qe4 Qxe4 17. fxe4 c6 18. a3 Bh4 19. Re2 Rfe8 20. e5 Bd8 0-1

[Event "Let's Play Chess!"]
[Site "http://www.queenalice.com/game.php?id=1809988"]
[Date "2023.4.19"]
[Round "-"]
[White "raulzito"]
[Black "Charles56"]
[Result "1-0"]
[WhiteElo "1618"]
[BlackElo "1608"]

1. e4 e5 2. Nf3 d6 3. d4 exd4 4. Nxd4 h6 5. Nc3 a6 6. g3 Bd7 7. Bg2 Nc6 8. O-O
Nxd4 9. Qxd4 Nf6 10. e5 Nh7 11. exd6 Bc6 12. Re1+ 1-0

[Event "AUTO-OPEN-4525"]
[Site "http://www.queenalice.com/game.php?id=1836185"]
[Date "2024.5.2"]
[Round "1"]
[White "TammieM3ENF"]
[Black "raulzito"]
[Result "0-1"]
[WhiteElo "1050"]
[BlackElo "1667"]

1. d4 Nf6 2. d5 e6 3. dxe6 fxe6 4. e4 Nxe4 5. f3 Qh4+ 6. g3 Nxg3 7. hxg3 Qxh1 8.
Ne2 Qxf3 9. c3 Bc5 10. b4 Bf2+ 11. Kd2 O-O 12. a4 Nc6 13. b5 Ne5 14. Ba3 Qd3+
15. Kc1 Be3+ 16. Qd2 Rxf1+ 17. Kb2 Nc4+ 18. Ka2 Nxd2 19. Nxd2 Qxd2+ 20. Bb2 Qd5+
21. Ka3 Bc5# 0-1

[Event "AUTO-OPEN-4525"]
[Site "http://www.queenalice.com/game.php?id=1836186"]
[Date "2024.5.2"]
[Round "1"]
[White "raulzito"]
[Black "TammieM3ENF"]
[Result "1-0"]
[WhiteElo "1667"]
[BlackElo "1052"]

1. e4 e5 2. f4 exf4 3. Nf3 d6 4. d4 d5 5. exd5 c6 6. dxc6 bxc6 7. Bxf4 a5 8. Bc4
a4 9. O-O a3 10. Nxa3 f6 11. Re1+ Be7 12. d5 cxd5 13. Bxd5 Na6 14. Bxa8 g5 15.
Nxg5 fxg5 16. Bxg5 Nf6 17. Bxf6 Be6 18. Rxe6 Nc5 19. Qxd8+ Kxd8 20. Rd1+ Ke8 21.
Rxe7+ Kf8 22. Rd8# 1-0

[Event "AUTO-OPEN-4525"]
[Site "http://www.queenalice.com/game.php?id=1836195"]
[Date "2024.5.2"]
[Round "1"]
[White "maurice916"]
[Black "raulzito"]
[Result "0-1"]
[WhiteElo "1994"]
[BlackElo "1832"]

1. Nf3 Nf6 2. b3 d6 3. Bb2 e5 4. d4 e4 5. Nfd2 d5 6. e3 b6 7. g3 Ba6 8. c4 c6 9.
Qc2 Be7 10. Nc3 O-O 11. Be2 Re8 12. O-O Nbd7 13. Rae1 Nf8 14. a3 Bc8 15. Kh1 Bh3
16. f4 Bxf1 17. Bxf1 Qc8 18. Bg2 Ng6 19. Ne2 Ng4 20. Nf1 h5 21. h3 Nf2+ 22. Kh2
h4 23. Nc3 Nd3 24. Re2 hxg3+ 25. Kxg3 Bh4+ 26. Kh2 Ne7 27. cxd5 cxd5 28. Ng3
Bxg3+ 29. Kxg3 Nf5+ 30. Kh2 Qd7 31. a4 Rac8 32. Ba1 Re6 33. Qd2 Nh4 34. Nd1 Rh6
35. Bh1 Nf3+ 0-1

[Event "AUTO-OPEN-4525"]
[Site "http://www.queenalice.com/game.php?id=1836196"]
[Date "2024.5.2"]
[Round "1"]
[White "raulzito"]
[Black "maurice916"]
[Result "1-0"]
[WhiteElo "1761"]
[BlackElo "1884"]

1. e4 c6 2. d4 d5 3. e5 Bf5 4. Nf3 e6 5. Be2 h6 6. b3 Nd7 7. O-O c5 8. c3 Qb6 9.
Be3 cxd4 10. Nxd4 Qc7 11. f4 Bxb1 12. Nb5 Qc8 13. Nxa7 Qxc3 14. Bd4 Qc2 15. Rxb1
Qxa2 16. Ra1 Rxa7 17. Bxa7 Qxa1 18. Qxa1 1-0

[Event "AUTO-INT-3877"]
[Site "http://www.queenalice.com/game.php?id=1836536"]
[Date "2024.5.9"]
[Round "1"]
[White "raulzito"]
[Black "bdpq"]
[Result "1-0"]
[WhiteElo "1800"]
[BlackElo "1732"]

1. e4 d5 2. exd5 Qxd5 3. Nc3 Qd8 4. Nf3 e6 5. d4 Bb4 6. Qd3 Nf6 7. Bd2 O-O 8. g3
b6 9. Bg2 Ba6 10. Nb5 Bxd2+ 11. Nxd2 c6 12. c4 cxb5 13. Bxa8 bxc4 14. Nxc4 b5
15. Nd2 Nd5 16. Bxd5 Qxd5 17. Qe4 Qh5 18. b4 Rc8 19. O-O Qh3 20. Rac1 Rd8 21.
Nf3 h6 22. Rc7 Nd7 23. Rfc1 Nf6 24. Qc6 Rd5 25. Rc5 Rd8 26. Qxa6 Kh7 27. Qxb5 e5
28. Rxe5 Ng4 29. Rh5 a6 30. Qf5+ g6 31. Qxf7+ 1-0

[Event "AUTO-INT-3877"]
[Site "http://www.queenalice.com/game.php?id=1836537"]
[Date "2024.5.9"]
[Round "1"]
[White "bdpq"]
[Black "raulzito"]
[Result "0-1"]
[WhiteElo "1701"]
[BlackElo "1817"]

1. e4 e5 2. d4 exd4 3. Qxd4 Nc6 4. Qd1 Bc5 5. Nc3 d6 6. Na4 Be6 7. Bb5 Ne7 8.
Bg5 f6 9. Bf4 Bb4+ 10. Bd2 O-O 11. a3 Bxd2+ 12. Qxd2 Ne5 13. Ne2 d5 14. Nc5 Bc8
15. exd5 Nxd5 16. O-O c6 17. Bd3 b6 18. Ne4 f5 19. N4g3 f4 20. Ne4 f3 21. g3
fxe2 22. Qxe2 Bg4 23. f3 Nxf3+ 24. Kg2 Nh4+ 25. gxh4 Bxe2 26. Bxe2 Ne3+ 0-1

[Event "AUTO-INT-3877"]
[Site "http://www.queenalice.com/game.php?id=1836539"]
[Date "2024.5.9"]
[Round "1"]
[White "dosoldini"]
[Black "raulzito"]
[Result "0-1"]
[WhiteElo "1612"]
[BlackElo "1744"]

1. e4 Nf6 2. Nc3 e5 3. d3 d5 4. Bg5 d4 5. Nd5 Be7 6. Nf3 Nxd5 7. Qd2 Bxg5 8.
Nxg5 Nf4 9. O-O-O Qxg5 10. h4 Qe7 11. g3 Ne6 12. Be2 Nc6 13. a3 b5 14. f4 b4 15.
f5 bxa3 16. c3 a2 17. Kc2 dxc3 18. Qxc3 Ned4+ 19. Kd2 Qb4 20. Qxb4 Nxb4 21. Rc1
Nb3+ 22. Ke3 Nxc1 23. Rxc1 Rb8 24. Kd2 Ba6 25. Ra1 Ke7 0-1

[Event "Challenge"]
[Site "http://www.queenalice.com/game.php?id=1837434"]
[Date "2024.5.24"]
[Round "-"]
[White "raulzito"]
[Black "pj"]
[Result "1-0"]
[WhiteElo "1853"]
[BlackElo "1491"]

1. e4 e5 2. f4 exf4 3. Nf3 f6 4. d4 g5 5. Nxg5 fxg5 6. Qh5+ Ke7 7. Qxg5+ Ke8 8.
Qh5+ Ke7 9. Bxf4 d6 10. Bg5+ Nf6 11. Bxf6+ Kd7 12. Bxd8 Kxd8 13. Bb5 c6 14. Bc4
b5 15. Bb3 Nd7 16. O-O Be7 17. Nd2 Nf6 18. Qh6 a5 19. Rxf6 Bd7 20. Rxd6 Bf8 21.
Qf6+ Kc7 22. Rxd7+ Kxd7 23. Be6+ Kd6 24. Bg4+ Kc7 25. Qxh8 Rd8 26. Qxh7+ Kb6 27.
Nb3 1-0

[Event "Challenge"]
[Site "http://www.queenalice.com/game.php?id=1837716"]
[Date "2024.5.29"]
[Round "-"]
[White "pj"]
[Black "raulzito"]
[Result "0-1"]
[WhiteElo "1545"]
[BlackElo "1791"]

1. e4 Nf6 2. f3 e5 3. c4 Nc6 4. a3 Nxe4 5. fxe4 Qh4+ 6. Ke2 Qxe4+ 7. Kf2 Bc5+ 8.
Kg3 Qf4+ 9. Kh3 d5+ 10. g4 h5 11. Be2 hxg4+ 12. Kg2 Qf2# 0-1

[Event "AUTO-INT-3877"]
[Site "http://www.queenalice.com/game.php?id=1845147"]
[Date "2024.10.11"]
[Round "2"]
[White "raulzito"]
[Black "SamuraiJOM"]
[Result "1-0"]
[WhiteElo "1866"]
[BlackElo "1719"]

1. e4 e5 2. Nf3 Nc6 3. Bb5 h6 4. O-O Nf6 5. Re1 Bc5 6. c3 Ne7 7. d4 exd4 8. cxd4
Bb6 9. Nc3 a6 10. Ba4 O-O 11. e5 Nfd5 12. Qd3 Nb4 13. Qe4 Ng6 14. a3 Nc6 15. Nd5
Ba5 16. b4 Bb6 17. Nxb6 cxb6 18. d5 Ncxe5 19. Nxe5 Re8 20. Qd4 d6 21. Bxe8 Qxe8
22. Nf3 Qf8 23. Qxb6 Rb8 24. Nd2 Nf4 25. Qd4 Ng6 26. Bb2 f6 27. Qb6 Ne7 28. Qxd6
Ra8 29. Qxe7 Qxe7 30. Rxe7 Bf5 31. d6 b5 32. Rae1 Bg6 33. d7 Kf8 34. Bd4 Rb8 35.
Bb6 h5 36. d8=Q+ Rxd8 37. Bxd8 Kg8 38. Ra7 h4 39. Ree7 Be8 40. Rxg7+ Kf8 41. Rh7
Kg8 42. Rag7+ 1-0

[Event "AUTO-INT-3877"]
[Site "http://www.queenalice.com/game.php?id=1845148"]
[Date "2024.10.11"]
[Round "2"]
[White "SamuraiJOM"]
[Black "raulzito"]
[Result "0-1"]
[WhiteElo "1720"]
[BlackElo "1855"]

1. e4 e5 2. Nf3 Nc6 3. Bc4 Bc5 4. O-O Nf6 5. c3 O-O 6. d4 Bb6 7. dxe5 Ng4 8. Bg5
Qe8 9. Bf4 Ngxe5 10. Qe2 d6 11. Nbd2 Bg4 12. h3 Nxf3+ 13. Nxf3 Bxf3 14. Qxf3 Ne5
15. Bxe5 dxe5 16. a4 a5 17. Bb5 Qe6 18. Bd3 Qb3 19. g4 Qxb2 20. Be2 Qd2 21. c4
Bd4 22. Rad1 Qb4 23. Rb1 Qxa4 24. Rxb7 Qc6 25. Rbb1 a4 26. Qa3 Bc5 27. Qb2 Qxe4
28. Qb5 Rfb8 29. Qxc5 Rxb1 30. Qe3 Rxf1+ 31. Bxf1 Qxe3 32. fxe3 a3 33. c5 a2 0-1